000 00740nam a2200277Ia 4500
003 OSt
005 20221005082126.0
006 a|||||r|||| 00| 0
007 ta
008 GUJ
020 _a8126002948
024 _a28856
037 _cTextual
040 _aCRL
_cCRL
_bGUJ
041 _2GUJ
_aGUJ
082 _aO156,1xN, 111N8
100 _aRamanatban Suguna
_9611577
245 0 _aModern Gujarati poetry
_b A selection
260 _aNew Delhi
_bSahitya Akademi India
_c1998
300 _a85p.
_ccm.
650 _a GUJRATI LITERATURE
650 _aGUJRATI LITERATURE
700 _a Kotbari Rita
_9611578
942 _hO156,1xN, 111N8
_cTEXL
_2cc
999 _c988760
_d988760